Statistics for General Knowledge Quiz #76

Click here to take the quiz!

General Stats

  • This quiz has been taken 43,246 times
    (14,832 since last reset)
  • The average score is 13 of 20

Answer Stats

Question Answer % Correct
What arthropod's name literally means "hundred feet"?Centipede
91%
What unit of distance is approximately equal to 0.62 miles?Kilometer
91%
What is the main ingredient in marinara sauce?Tomatoes
83%
In poker, what hand do you have if all your cards are the same suit?Flush
81%
In what battle did Napoleon meet his final defeat?Battle of Waterloo
80%
Who portrayed the Joker in "The Dark Knight"?Heath Ledger
77%
What are Criminis and Portobellos?Mushrooms
74%
What comes in handlebar, toothbrush, and fu manchu varieties?Mustaches
72%
What country lies on Egypt's southern border?Sudan
71%
In what country would you find the city of Kalamata, famous for its olives?Greece
70%
What South American country has the world's largest proven oil reserves,
even more than Saudi Arabia?
Venezuela
68%
What animal's Latin name is "Ursa"?Bear
66%
What is the process of splitting atoms called?Fission
64%
What body part is the Norse god Odin missing?an Eye
63%
What country is the Sinai Peninsula a part of?Egypt
59%
In what part of the world would you be most likely to see the sport of caber tossing?Scotland
59%
What type of triangle has sides of three different lengths?Scalene
44%
In 2013, Rolling Stone conducted a poll to find the worst rock band of the 1990s.
Name one of the three worst bands.
Creed / Nickelback /
Limp Bizkit
37%
What is another name for a woodchuck?Groundhog
33%
What "Beat Generation" novel featured the character Dean Moriarty?On The Road
24%

Score Distribution

Percentile by Number Answered

Percent of People with Each Score

Your Score History

You have not taken this quiz since the last reset